|
|
|
|
| LEADER |
00000nam0a2200000 4500 |
| 001 |
24690 |
| 005 |
20231030200318.0 |
| 010 |
|
|
|a 5288022062
|
| 010 |
|
|
|a 5-7627-0122-0
|
| 035 |
|
|
|a (RuTPU)RU\TPU\book\24920
|
| 035 |
|
|
|a BOOK00024993
|
| 090 |
|
|
|a 24690
|
| 100 |
|
|
|a 20011209d1999 km y0rusy50 ca
|
| 101 |
0 |
|
|a rus
|
| 102 |
|
|
|a RU
|
| 105 |
|
|
|a y e 001ab
|
| 200 |
1 |
|
|a Словарь крылатых выражений Пушкина
|f В. М. Мокиенко, К. П. Сидоренко
|
| 210 |
|
|
|a СПб.
|c Изд-во СПбГУ
|c Фолио-Пресс
|d 1999
|
| 215 |
|
|
|a 748 с.
|
| 320 |
|
|
|a Библиогр.: с. 735-747.
|
| 600 |
|
1 |
|a Пушкин
|g Александр Сергеевич
|c русский писатель, поэт
|f 1799-1837
|b А. С.
|2 stltpui
|3 (RuTPU)RU\TPU\pers\1026
|
| 610 |
1 |
|
|a литературоведение
|
| 610 |
1 |
|
|a словари
|
| 610 |
1 |
|
|a крылатые слова
|
| 675 |
|
|
|a 8Р1(092)Пушкин А.С.
|v 3
|
| 700 |
|
1 |
|a Мокиенко
|b В. М.
|g Валерий Михайлович
|
| 701 |
|
1 |
|a Сидоренко
|b К. П.
|g Константин Павлович
|
| 801 |
|
0 |
|a RU
|b 63413507
|c 20011209
|g PSBO
|
| 801 |
|
2 |
|a RU
|b 63413507
|c 20050601
|g PSBO
|
| 942 |
|
|
|c BK
|